Statistics for World Map with 10 Extra Borders #11

Click here to take the quiz!

General Stats

  • This quiz has been taken 1,458 times
  • The average score is 8 of 10

Answers on the Map

Answers color-coded by a green-red scale on the quiz's map according to % correct below.
 

Answer Stats

Country% Correct
Ecuador
96%
Belarus
90%
Burkina Faso
87%
Central African Republic
84%
Malaysia
83%
Bangladesh
82%
Nicaragua
82%
Georgia
81%
Vietnam
81%
Germany
77%

Score Distribution

Percentile by Number Answered

Percent of People with Each Score

Your Score History

You have not taken this quiz